000 01078nam a22003017a 4500
001 6487
003 FISKH
005 20250506112835.0
008 250506b cb ||||| |||| 00| 0 eng d
020 _a9780545700146
040 _aFISKH
_beng
_cFISKH
_dFISKH
050 _aPZ7.C136 N
082 _a329
100 _aCalmenson, Stephanie
_d(1952-)
245 _aReady, set, dogs! :
_bNo dogs allowed /
_cStephanie Calmenson & Joanna Cole ; Illustrated by Heather Ross
250 _aThis edition first published in 2014
260 _aNew York :
_bScholastic,
_c2013
300 _a116 pages :
_billustrations ;
_c20 cm
505 _aN
520 _aBest friends and dog lovers Kate and Lucie live in apartments where dogs are not allowed, but a pair of unusual necklaces they find in a thrift store allow them to become dogs whenever they wish.
521 8 _a570
_bLexile
521 8 _aN
_bRaz-Plus
650 _2Friendship
_aDogs
650 _2Contests--Fiction
_aMagic--Fiction
700 _aRoss, Heather
_dillustrator
942 _2ddc
_cBK
_n0
999 _c6487
_d6487